Bramkarze reprezentacji Polski - Statystyki

Ogólne statystyki
  • Ten quiz został rozwiązany 203 razy
  • Średni wynik to 6 z 12
Statystyki odpowiedzi
Hint Odpowiedź % Poprawnych
2006- Łukasz Fabiański
96%
2009- Wojciech Szczęsny
96%
2004-2017 Artur Boruc
90%
1998-2013 Jerzy Dudek
86%
2012- Łukasz Skorupski
66%
2010-2016 Przemysław Tytoń
63%
2018- *nie zagrał meczu Bartłomiej Drągowski
44%
2003- Tomasz Kuszczak
42%
2006-2011 Mariusz Pawełek
10%
1994-1997 Andrzej Woźniak
9%
2009-2009 Radosław Cierzniak
3%
2018- Bortosz Białkowski
0%
Nie znaleziono quizów pasujących do podanych kryteriów
Rozkład punktacji
Procent ludzi z każdym wynikiem
Percentyl według liczby udzielonych odpowiedzi
Twoja historia wyników
Nie rozwiązałeś tego quizu